Normal view MARC view

Entry Personal Name

Number of records used in: 2

001 - CONTROL NUMBER

  • control field: 10134

003 - CONTROL NUMBER IDENTIFIER

  • control field: DLC

005 - DATE AND TIME OF LATEST TRANSACTION

  • control field: 20231215143949.0

008 - FIXED-LENGTH DATA ELEMENTS

  • fixed length control field: 930811n| azannaabn |a aaa

010 ## - LIBRARY OF CONGRESS CONTROL NUMBER

  • LC control number: n 88161398

035 ## - SYSTEM CONTROL NUMBER

  • System control number: (OCoLC)oca03430644

040 ## - CATALOGING SOURCE

  • Original cataloging agency: DLC
  • Language of cataloging: eng
  • Description conventions: rda
  • Transcribing agency: DLC
  • Modifying agency: DLC
  • Modifying agency: OCoLC
  • Modifying agency: Uk
  • Modifying agency: DLC
  • Modifying agency: ICU

046 ## - SPECIAL CODED DATES

  • Birth date: 19441130

053 #0 - LC CLASSIFICATION NUMBER

  • Classification number element--single number or beginning number of span: PK2098.32.U88

100 1# - HEADING--PERSONAL NAME

  • Personal name: Pushpā, Maitreyī

377 ## - ASSOCIATED LANGUAGE

  • Language code: hin

400 0# - SEE FROM TRACING--PERSONAL NAME

  • Personal name: Maitreyī Pushpā

400 0# - SEE FROM TRACING--PERSONAL NAME

  • Personal name: Maitreyee Pushpa

400 1# - SEE FROM TRACING--PERSONAL NAME

  • Personal name: Pushpa, Maitreyee

400 1# - SEE FROM TRACING--PERSONAL NAME

  • Personal name: Pushpa, Maitrai

400 1# - SEE FROM TRACING--PERSONAL NAME

  • Personal name: Pushpa, Maitrayi

670 ## - SOURCE DATA FOUND

  • Source citation: Her Betavā bahatī rahī, 1993:
  • Information found: t.p. (Maitreyī Pushpā)

670 ## - SOURCE DATA FOUND

  • Source citation: Cāḳa, 1997:
  • Information found: t.p. verso (Maitreyee Pushpa) jkt. (M.A. (Hindi lit.); b. 11/30/1944)

670 ## - SOURCE DATA FOUND

  • Source citation: Khulī khiṛakiyāṃ, 2003:
  • Information found: t.p. verso (Maitrai Pushpa [in rom.])

670 ## - SOURCE DATA FOUND

  • Source citation: Guṛiyā bhītara guṛiyā, 2008:
  • Information found: t.p. verso (Maitrayi Pushpa)

Powered by Koha